00648nam a2200193 i 4500001000700000003000900007005001700016007000300033008004100036080001200077100003900089245004700128260003500175300002200210650004900232852003200281999001900313952012200332134992ES-MaACL20240509185813.0t|070705s1969 sp ||||1| spa d a271(04)1 aTillard, Jean Marie Roger.911025910aReligiosos, hoy / cJean Marie R. Tillard. aBilbao : bMensajero, c[1969] a217 p. ; c20 cm.14aÓrdenes y congregaciones religiosas915747 aES-MaACLjC-50962 bR.71685 c134992d134992 00104070aATENEOMbATENEOMcDEPO2d2008-01-17eSCl0oC-50962p1140508r2023-02-23 00:00:00w2023-02-23yMONOGRAFIA